Detalles MARC
| 000 -CABECERA |
| campo de control de longitud fija |
01543nam a22003257a 4500 |
| 003 - IDENTIFICADOR DEL NÚMERO DE CONTROL |
| campo de control |
DO-SdBNP |
| 005 - FECHA Y HORA DE LA ÚLTIMA TRANSACCIÓN |
| campo de control |
20240411074018.0 |
| 007 - CAMPO FIJO DE DESCRIPCIÓN FÍSICA--INFORMACIÓN GENERAL |
| campo de control de longitud fija |
ta |
| 008 - DATOS DE LONGITUD FIJA--INFORMACIÓN GENERAL |
| campo de control de longitud fija |
201119b 2018 dr j 00| 0 eng d |
| 020 ## - NÚMERO INTERNACIONAL ESTÁNDAR DEL LIBRO |
| Número Internacional Estándar del Libro |
9789945443622 (serie) |
| 020 ## - NÚMERO INTERNACIONAL ESTÁNDAR DEL LIBRO |
| Número Internacional Estándar del Libro |
9789945582628 (v. 246) |
| 040 ## - FUENTE DE LA CATALOGACIÓN |
| Centro catalogador/agencia de origen |
DO-SdBNP |
| Lengua de catalogación |
spa |
| Centro/agencia transcriptor |
BNPHU |
| 082 #4 - NÚMERO DE LA CLASIFICACIÓN DECIMAL DEWEY |
| Número de clasificación |
RD863.5 |
| Número de documento/Ítem |
M343c |
| Número de edición |
22 |
| 100 1# - ENTRADA PRINCIPAL--NOMBRE DE PERSONA |
| Nombre de persona |
Marizán, Narda |
| 9 (RLIN) |
77312 |
| 245 10 - MENCIÓN DE TÍTULO |
| Título |
Con ojos de mariposa : |
| Resto del título |
cuentos / |
| Mención de responsabilidad, etc. |
Narda Marizán ; prólogo Luis Martín Gómez. |
| 260 ## - PUBLICACIÓN, DISTRIBUCIÓN, ETC. |
| Lugar de publicación, distribución, etc. |
Santo Domingo : |
| Nombre del editor, distribuidor, etc. |
Banco Central de la República Dominicana, |
| Fecha de publicación, distribución, etc. |
2018. |
| 300 ## - DESCRIPCIÓN FÍSICA |
| Extensión |
105 p. ; |
| Dimensiones |
23 cm. |
| 490 1# - MENCIÓN DE SERIE |
| Mención de serie |
Banco Central de la República Dominicana |
| Designación de volumen o secuencia |
246 |
| 490 1# - MENCIÓN DE SERIE |
| Mención de serie |
Obras premiadas |
| Designación de volumen o secuencia |
88 |
| 500 ## - NOTA GENERAL |
| Nota general |
Incluye datos biográficos de la autora en las solapas |
| 505 0# - NOTA DE CONTENIDO CON FORMATO |
| Título |
Prólogo -- |
| -- |
Cura en salud -- |
| -- |
Cronología de un autoataque -- |
| -- |
Mi otro yo -- |
| -- |
Reflexiones -- |
| -- |
El diario secreto -- |
| -- |
Sin premeditación y con saña -- |
| -- |
Cada cosa como debe ser -- |
| -- |
Locura en secuencia -- |
| -- |
Semilla de duda -- |
| -- |
En un abrir y cerrar de ojos -- |
| -- |
Igual que cuando murió mi abuelita -- |
| -- |
Deja vu -- |
| -- |
El milagros de las cenizas -- |
| -- |
Colección del Banco Central de Repúlica Dominicana. |
| 590 ## - NOTA LOCAL (RLIN) |
| Nota local |
Inventariado, 2020 /LP |
| 650 10 - PUNTO DE ACCESO ADICIONAL DE MATERIA--TÉRMINO DE MATERIA |
| Término de materia o nombre geográfico como elemento de entrada |
Cuentos dominicanos |
| 9 (RLIN) |
176 |
| 650 14 - PUNTO DE ACCESO ADICIONAL DE MATERIA--TÉRMINO DE MATERIA |
| Término de materia o nombre geográfico como elemento de entrada |
Literatura dominicana |
| 9 (RLIN) |
78577 |
| 700 1# - PUNTO DE ACCESO ADICIONAL--NOMBRE DE PERSONA |
| Nombre de persona |
Martín Gómez, Luis, |
| Fechas asociadas al nombre |
1962- |
| Término indicativo de función/relación |
prólogo |
| 9 (RLIN) |
23176 |
| 830 #0 - PUNTO DE ACCESO ADICIONAL DE SERIE-TÍTULO UNIFORME |
| 9 (RLIN) |
77313 |
| Título uniforme |
Banco Central de la República Dominicana |
| Número de parte o sección de la obra |
246 |
| 830 #0 - PUNTO DE ACCESO ADICIONAL DE SERIE-TÍTULO UNIFORME |
| Título uniforme |
Obras premiadas |
| Número de parte o sección de la obra |
88 |
| 9 (RLIN) |
80998 |
| 910 ## - DATOS DE OPCIÓN DEL USUARIO (OCLC) |
| Datos de opción del usuario |
Lopérez /Validado. Control de calidad MFF |
| 942 ## - ELEMENTOS DE PUNTO DE ACCESO ADICIONAL (KOHA) |
| Fuente del sistema de clasificación o colocación |
Dewey Decimal Classification |
| Tipo de ítem Koha |
Libro |